| 000 | 00846cam a22002413a 4500 | ||
|---|---|---|---|
| 001 | 29811 | ||
| 003 | PGUSA | ||
| 005 | 20140828083638.0 | ||
| 008 | 090826s2009||||xxu|||||s|||||000 | eng d | ||
| 040 |
_aPGUSA _beng |
||
| 042 | _adc | ||
| 050 | 4 | _aPZ | |
| 100 | 1 |
_aFanny, Aunt, _d1822-1894 |
|
| 245 | 1 | 4 |
_aThe Two Story Mittens and the Little Play Mittens : _bBeing the Fourth Book of the Series _h[electronic resource] / _cAunt Fanny |
| 260 |
_bProject Gutenberg, _c2009 |
||
| 505 | 0 | _aMore about the mittens -- The party Lillie gave for Miss Florence -- The fairy Benevolence -- Master Edward's trial -- The little play mittens. | |
| 506 | _aPublic domain in the USA. | ||
| 516 | _aElectronic text | ||
| 653 | _aChildren's stories | ||
| 830 | 0 |
_aProject Gutenberg _v29811 |
|
| 856 | 4 | 0 | _uhttp://www.gutenberg.org/ebooks/29811 |
| 942 | _cEB | ||
| 999 |
_c259066 _d259066 |
||